000 00656 a2200241 4500
999 _c3103
_d3103
020 _a9780198737698
050 0 0 _aKF888 FOU 2015
100 _aFirth Clare
_eeditor
245 0 0 _aFoundations for the LPC.
_cClare Firth
264 _aOxford :
_bOxford university press.
_c2015
300 _a334p.:
500 _aincludes index.
650 0 _aLaw
650 7 _aLaw.
651 7 _aEngland.
700 _aElizabeth Smart
_eeditor
700 _aSusan Wigglesworth
_eeditor
700 _aFrances Seabridge
_eeditor
700 _aHelen Fox
_eeditor
700 _aLucy Crompton
_eeditor
700 _aKathryn Wright
_eeditor
942 _2lcc
_cBK
_h888
_iFOU
_kKF